[Event "Mistrzostwa Polski Juniorek Młodszych "]
[Site "Suwałki, Poland"]
[Date "2025.04.25"]
[Round "2.1"]
[White "Dabkowska, Michalina"]
[Black "Kaminska, Zuzanna"]
[Result "0-1"]
[WhiteElo "1561"]
[BlackElo "1899"]
[PlyCount "70"]
[EventDate "2025.??.??"]

1. d4 Nf6 2. Nc3 d5 3. Bf4 Bf5 4. e3 c6 5. Nf3 e6 6. Bd3 Bg6 7. Qe2 Qb6 8. Rb1 Be7 9. O-O Bh5 10. a3 O-O 11. Bg5 Nbd7 12. Qd1 h6 13. Bf4 c5 14. dxc5 Nxc5 15. Be2 Rac8 16. Nd4 Bg6 17. Ncb5 a6 18. Bc7 Rxc7 19. Nxc7 Qxc7 20. Bd3 Nxd3 21. cxd3 e5 22. Nf3 Bh5 23. e4 dxe4 24. dxe4 Nxe4 25. Rc1 Qb6 26. Qd7 Bc5 27. Nd2 Bxf2+ 28. Kh1 Nxd2 29. Qxd2 Be3 30. Qc3 Bxc1 31. Rxc1 Qd4 32. Qb3 e4 33. Re1 Qd2 34. Qg3 Rd8 35. h3 Qxe1+ 0-1

[Event "Mistrzostwa Polski Juniorek Młodszych "]
[Site "Suwałki, Poland"]
[Date "2025.04.25"]
[Round "2.18"]
[White "Gorecka, Laura"]
[Black "Staszczyszyn, Marta"]
[Result "1-0"]
[WhiteElo "1473"]
[BlackElo "1533"]
[PlyCount "91"]
[EventDate "2025.??.??"]

1. e4 c5 2. Nf3 a6 3. Nc3 Nc6 4. d4 cxd4 5. Nxd4 Nf6 6. Be3 e5 7. Nf5 d6 8. Ng3 g6 9. Be2 Bg7 10. O-O O-O 11. Qd2 Qc7 12. Rad1 Rd8 13. Bg5 Be6 14. Kh1 b5 15. a3 Nd4 16. f4 Nxe2 17. Ngxe2 h6 18. Bxf6 Bxf6 19. f5 Bg5 20. Qe1 Bc4 21. fxg6 fxg6 22. Rf3 Rf8 23. Rxf8+ Rxf8 24. Ng3 a5 25. b3 Bf7 26. Nxb5 Qxc2 27. b4 axb4 28. axb4 Rb8 29. Nxd6 Bb3 30. Ra1 Be7 31. Rc1 Qd3 32. Rc8+ Rxc8 33. Nxc8 Bc5 34. bxc5 Qc4 35. Ne7+ Kf7 36. Nd5 Kg7 37. Qf1 Qxf1+ 38. Nxf1 Kf7 39. Nfe3 Ke6 40. c6 Kd6 41. c7 Kd7 42. Kg1 Ba2 43. Kf2 Bb1 44. Kf3 Bd3 45. Ng4 Bc4 46. Nxe5+ 1-0

[Event "Mistrzostwa Polski Juniorek Młodszych "]
[Site "Suwałki, Poland"]
[Date "2025.04.25"]
[Round "2.22"]
[White "Jankiewicz, Lucja"]
[Black "Delikat, Zofia"]
[Result "1/2-1/2"]
[WhiteElo "1513"]
[BlackElo "1409"]
[PlyCount "90"]
[EventDate "2025.??.??"]

1. e4 c5 2. Nf3 g6 3. c3 Bg7 4. d4 cxd4 5. cxd4 d5 6. e5 Bg4 7. h3 Bxf3 8. Qxf3 e6 9. Nc3 a6 10. a3 Qb6 11. Qd3 Nc6 12. Ne2 Nge7 13. Rb1 Nf5 14. Be3 Nxe3 15. Qxe3 Na5 16. Nc1 Nc4 17. Bxc4 dxc4 18. Qc3 Rd8 19. Ne2 Qc6 20. O-O Qd5 21. b3 cxb3 22. Rxb3 Qe4 23. Qb2 b5 24. Rc1 O-O 25. Rbc3 Bh6 26. R1c2 Qa8 27. Qb4 Rfe8 28. Qa5 Rc8 29. Qb6 Rxc3 30. Rxc3 Rc8 31. Rc5 Bf8 32. Rxc8 Qxc8 33. Qa5 Qc4 34. Kf1 Qa4 35. Qxa4 bxa4 36. Nc3 Bxa3 37. Nxa4 Kf8 38. Ke2 Ke8 39. Kd3 Kd7 40. Kc4 Kc6 41. Nc3 Be7 42. g3 a5 43. f3 Bb4 44. Ne4 h6 45. f4 Be7 1/2-1/2

[Event "Mistrzostwa Polski Juniorek Młodszych "]
[Site "Suwałki, Poland"]
[Date "2025.04.25"]
[Round "2.2"]
[White "Rzadkowska, Lila"]
[Black "Kasprzyszyn, Karolina"]
[Result "1-0"]
[WhiteElo "1896"]
[BlackElo "1561"]
[PlyCount "65"]
[EventDate "2025.??.??"]

1. d4 d6 2. Nf3 g6 3. c4 Bg7 4. Nc3 c5 5. d5 Bxc3+ 6. bxc3 e5 7. e4 Nd7 8. Bd3 h6 9. O-O g5 10. h3 Qf6 11. Nh2 Ne7 12. Qf3 Qg7 13. Qg3 Ng6 14. Re1 Nf6 15. Bc2 Bd7 16. Bd1 Rg8 17. Bg4 Nf4 18. Bxf4 gxf4 19. Bxd7+ Kxd7 20. Qxg7 Rxg7 21. Nf3 Rag8 22. Nh4 Nh7 23. Kh1 Ng5 24. Kh2 Nh7 25. Rab1 Rb8 26. Nf5 Rg6 27. Rb2 Nf6 28. Reb1 Kc7 29. Ne7 Rg7 30. Nc6 Re8 31. Rxb7+ Kc8 32. Rb8+ Kd7 33. R1b7# 1-0

[Event "Mistrzostwa Polski Juniorek Młodszych "]
[Site "Suwałki, Poland"]
[Date "2025.04.25"]
[Round "2.4"]
[White "Gruszecka, Alicja"]
[Black "Holubowska, Zofia"]
[Result "1-0"]
[WhiteElo "1780"]
[BlackElo "1545"]
[PlyCount "71"]
[EventDate "2025.??.??"]

1. e4 e5 2. Nf3 Nc6 3. d4 exd4 4. Nxd4 Nf6 5. Nxc6 bxc6 6. e5 Qe7 7. Qe2 Nd5 8. h4 h6 9. c4 Nb6 10. b3 Qe6 11. Bb2 Be7 12. g3 a5 13. Bh3 Qg6 14. h5 Qh7 15. O-O O-O 16. Nc3 d5 17. exd6 Bxd6 18. Bg2 Qf5 19. Bxc6 Rb8 20. Nb5 Bb7 21. Bxb7 Rxb7 22. Nxd6 cxd6 23. Rad1 Rd8 24. Ba3 Rbd7 25. Qe3 Nc8 26. Rd5 Qg4 27. Rxa5 Re7 28. Qf4 Qd7 29. Qf3 Qc7 30. Bb4 Na7 31. Ra6 Rdd7 32. Rd1 Re6 33. Qa8+ Nc8 34. Rc6 Qa7 35. Rxc8+ Kh7 36. Rh8# 1-0

[Event "Mistrzostwa Polski Juniorek Młodszych "]
[Site "Suwałki, Poland"]
[Date "2025.04.25"]
[Round "2.6"]
[White "Saliuk, Maryia"]
[Black "Urban, Hanna"]
[Result "1/2-1/2"]
[WhiteElo "1633"]
[BlackElo "1530"]
[PlyCount "127"]
[EventDate "2025.??.??"]

1. f4 d5 2. e3 g6 3. Nf3 Bg7 4. Be2 Nh6 5. O-O Nd7 6. Qe1 O-O 7. d3 e5 8. h3 exf4 9. exf4 Nf5 10. Qf2 c6 11. Kh2 Qb6 12. Qxb6 Nxb6 13. Nc3 Re8 14. Bd1 Nd7 15. Ne2 c5 16. Ng3 Nxg3 17. Kxg3 b6 18. Rb1 Bb7 19. Kh2 Rad8 20. b3 Nf6 21. Bd2 Nd7 22. a4 Nb8 23. Rg1 Nc6 24. h4 Nd4 25. Nxd4 Bxd4 26. Rf1 Bf6 27. g3 d4 28. h5 Kg7 29. f5 gxh5 30. Bxh5 Re7 31. Rf2 Rde8 32. Kh3 Rg8 33. g4 h6 34. Rg1 Kh7 35. Rg3 Be5 36. Re2 Rge8 37. Rg1 Bf6 38. Rf2 Bg5 39. f6 Rd7 40. Re1 Rxe1 41. Bxe1 Bd5 42. Rf5 Be6 43. Rf1 Rd5 44. Bg3 Rd8 45. Bh4 Rd5 46. Re1 Rd6 47. Re5 Bf4 48. Re4 Bg5 49. Re2 Kg8 50. Kg3 Kf8 51. Re5 Rd5 52. Re2 Rd6 53. Kh3 Rd8 54. Rf2 Rc8 55. Bg3 Rd8 56. Bc7 Rd7 57. Bb8 Kg8 58. Be5 Kf8 59. Rf1 a6 60. Bf4 Kg8 61. Bg3 Kf8 62. Be1 Bd5 63. Rf5 Be6 64. Rf1 1/2-1/2

[Event "Mistrzostwa Polski Juniorek Młodszych "]
[Site "Suwałki, Poland"]
[Date "2025.04.25"]
[Round "2.17"]
[White "Blaszkiewicz, Elzbieta"]
[Black "Bisek, Marlena"]
[Result "1/2-1/2"]
[WhiteElo "1538"]
[BlackElo "1483"]
[PlyCount "72"]
[EventDate "2025.??.??"]

1. d4 d5 2. c4 e6 3. cxd5 exd5 4. Nc3 Nf6 5. Nf3 c6 6. Bf4 Bd6 7. Bxd6 Qxd6 8. e3 Bg4 9. Be2 Nbd7 10. h3 Bh5 11. O-O O-O 12. Rb1 Rfe8 13. b4 b5 14. Rb3 Nb6 15. Ne5 Bxe2 16. Qxe2 Nc4 17. Nd3 Nd7 18. Nc5 Nxc5 19. bxc5 Qc7 20. Rd1 a5 21. a4 b4 22. Nb1 Re7 23. Qc2 Rae8 24. Re1 Qc8 25. Nd2 Nxd2 26. Qxd2 f5 27. Rbb1 Qe6 28. Red1 Qh6 29. Re1 Re6 30. Rbc1 Rg6 31. Kh2 Rf6 32. g3 g5 33. Rc2 Kh8 34. Rb2 Rfe6 35. Rg1 Rg8 36. Re1 Rge8 1/2-1/2

[Event "Mistrzostwa Polski Juniorek Młodszych "]
[Site "Suwałki, Poland"]
[Date "2025.04.25"]
[Round "2.14"]
[White "Tempich, Wiktoria"]
[Black "Orlowska, Aleksandra"]
[Result "0-1"]
[WhiteElo "1589"]
[BlackElo "1466"]
[PlyCount "124"]
[EventDate "2025.??.??"]

1. c4 Nf6 2. Nf3 e6 3. d3 d5 4. cxd5 exd5 5. d4 Nc6 6. Nc3 Bb4 7. Bd2 O-O 8. g3 Bg4 9. Bg2 Bxf3 10. Bxf3 Nxd4 11. Bg2 Re8 12. Be3 Nb5 13. Bd2 Nxc3 14. Bxc3 Bxc3+ 15. bxc3 Qe7 16. O-O c6 17. e3 Ne4 18. Bxe4 Qxe4 19. Qd4 b6 20. Rac1 c5 21. Qxe4 Rxe4 22. Rfd1 Rd8 23. c4 d4 24. exd4 Rexd4 25. Rxd4 Rxd4 26. Rc2 Kf8 27. Kf1 Ke7 28. Ke1 Kd6 29. f4 Kc6 30. Ke2 b5 31. cxb5+ Kxb5 32. Rb2+ Rb4 33. Rxb4+ cxb4 34. Kd3 Ka4 35. Kc2 Ka3 36. Kb1 b3 37. h4 bxa2+ 38. Ka1 Kb3 39. h5 Kc3 40. g4 Kd4 41. f5 Ke5 42. Kxa2 Kf4 43. Kb3 Kxg4 44. Ka4 Kxh5 45. Kb5 Kg5 46. Ka6 h5 47. f6 Kxf6 48. Kxa7 h4 49. Kb6 h3 50. Kc5 h2 51. Kd4 h1=Q 52. Kd3 Qe1 53. Kd4 g5 54. Kd5 g4 55. Kd4 g3 56. Kd5 g2 57. Kd4 g1=R 58. Kd5 Qd2+ 59. Ke4 Re1+ 60. Kf3 Qe3+ 61. Kg4 Rg1+ 62. Kh5 Qg5# 0-1

[Event "Mistrzostwa Polski Juniorek Młodszych "]
[Site "Suwałki, Poland"]
[Date "2025.04.25"]
[Round "2.16"]
[White "Kolosza, Luiza"]
[Black "Oberc, Patrycja"]
[Result "1-0"]
[WhiteElo "1502"]
[BlackElo "1556"]
[PlyCount "63"]
[EventDate "2025.??.??"]

1. d4 d5 2. Nf3 Nf6 3. Bg5 e6 4. e3 c5 5. c3 c4 6. Be2 Nc6 7. O-O Be7 8. Nbd2 O-O 9. Qc2 b5 10. a3 h6 11. Bh4 Bb7 12. Rab1 Rb8 13. Rfe1 Qc7 14. Bg3 Bd6 15. Bxd6 Qxd6 16. h3 Rfd8 17. b3 Qxa3 18. b4 Qa6 19. Ra1 Qb6 20. Ra2 Qc7 21. Nh2 Nd7 22. e4 Nb6 23. e5 Na4 24. Bh5 Ne7 25. Qd1 g6 26. Qg4 Kh7 27. Qf4 Nc6 28. Ng4 g5 29. Qf6 Kg8 30. Qxh6 Qe7 31. Nf6+ Qxf6 32. exf6 1-0

[Event "Mistrzostwa Polski Juniorek Młodszych "]
[Site "Suwałki, Poland"]
[Date "2025.04.25"]
[Round "2.19"]
[White "Kolorz, Julia"]
[Black "Magalska, Marcelina"]
[Result "1-0"]
[WhiteElo "1531"]
[BlackElo "1458"]
[PlyCount "109"]
[EventDate "2025.??.??"]

1. e4 e5 2. Nf3 Nc6 3. d4 exd4 4. Nxd4 Nf6 5. Nc3 Bb4 6. Nxc6 bxc6 7. Bd3 Bxc3+ 8. bxc3 Bb7 9. O-O c5 10. Bd2 Qe7 11. Rb1 O-O-O 12. Qe2 d5 13. Ba6 Bxa6 14. Qxa6+ Kd7 15. Qa4+ Kd6 16. Bf4+ Ke6 17. exd5+ Kf5 18. Rfe1 Qd7 19. Re5+ Kg6 20. Rg5+ Kh6 21. Rg3+ Kh5 22. Qc4 h6 23. Qe2+ Ng4 24. h3 f5 25. hxg4+ fxg4 26. Qe5+ g5 27. f3 Rhe8 28. fxg4+ Kg6 29. Qf5+ Qxf5 30. gxf5+ Kxf5 31. Bxc7 Rxd5 32. Rd3 Rxd3 33. cxd3 Re3 34. Rd1 c4 35. dxc4 Rxc3 36. Rd5+ Ke6 37. Rd6+ Ke7 38. Rxh6 Rxc4 39. Bb8 Ra4 40. Rh7+ Ke6 41. Rxa7 Rb4 42. Bc7 Kf5 43. a4 g4 44. a5 Ra4 45. a6 Ke6 46. Ra8 Kd7 47. Bg3 Kc6 48. Bf2 Ra1+ 49. Kh2 Ra3 50. g3 Ra2 51. Kg2 Kc7 52. a7 Rxf2+ 53. Kxf2 Kb7 54. Rg8 Kxa7 55. Rxg4 1-0

[Event "Mistrzostwa Polski Juniorek Młodszych "]
[Site "Suwałki, Poland"]
[Date "2025.04.25"]
[Round "2.15"]
[White "Klincewicz, Katarzyna"]
[Black "Wawrzyniak, Weronika"]
[Result "1/2-1/2"]
[WhiteElo "1587"]
[BlackElo "1479"]
[PlyCount "81"]
[EventDate "2025.??.??"]

1. c4 e5 2. Nc3 Nf6 3. d3 d5 4. cxd5 Nxd5 5. Nf3 Bb4 6. Bd2 Nc6 7. g3 f6 8. Bg2 Be6 9. a3 Nxc3 10. bxc3 Bc5 11. O-O Qd7 12. Re1 Bh3 13. Bh1 h5 14. Qc2 Bb6 15. Red1 h4 16. d4 Qg4 17. Be3 O-O-O 18. Rab1 f5 19. Nxe5 Nxe5 20. dxe5 Qg6 21. Qa4 Rxd1+ 22. Qxd1 Rd8 23. Bxb7+ Kxb7 24. Qxd8 f4 25. Qd5+ Kb8 26. Rb2 fxe3 27. fxe3 hxg3 28. Qf3 gxh2+ 29. Kxh2 Bg4 30. Qg3 Qh6+ 31. Kg2 Qc6+ 32. Kh2 Qh6+ 33. Kg2 Qh5 34. Qh2 Qg5 35. Qg3 Kc8 36. e4 Qg6 37. Rb4 Bc5 38. Rc4 Bb6 39. Rb4 Bc5 40. Rc4 Bb6 41. Rb4 1/2-1/2

[Event "Mistrzostwa Polski Juniorek Młodszych "]
[Site "Suwałki, Poland"]
[Date "2025.04.25"]
[Round "2.12"]
[White "Wrzesinska, Amelia"]
[Black "Przygodzka, Emilia"]
[Result "1-0"]
[WhiteElo "1619"]
[BlackElo "1489"]
[PlyCount "115"]
[EventDate "2025.??.??"]

1. e4 e5 2. Nf3 Nc6 3. Bc4 Nf6 4. d3 Bc5 5. O-O O-O 6. c3 d6 7. Bb3 Bg4 8. Nbd2 d5 9. exd5 Nxd5 10. Ne4 Nb6 11. Nxc5 Kh8 12. Ne4 f5 13. Ng3 f4 14. Ne4 Nd5 15. h3 Bh5 16. Nc5 Rf6 17. Nxb7 Qc8 18. Bxd5 Qxb7 19. Qa4 Be8 20. Qc4 Qc8 21. Qc5 Bd7 22. Ng5 h6 23. Nf7+ Kh7 24. Be4+ Kg8 25. Nxe5 Qe8 26. Nxd7 Qxd7 27. Qd5+ Qxd5 28. Bxd5+ Kh8 29. Re1 Rd8 30. Bxc6 Rxc6 31. Bxf4 Rxd3 32. Rad1 Rxd1 33. Rxd1 Rb6 34. Rd2 Ra6 35. b3 Rc6 36. c4 Kh7 37. Rd7 Kg8 38. Rxc7 Ra6 39. Be3 Rxa2 40. Rxa7 Rc2 41. Ra1 Rc3 42. Rb1 Kf7 43. Kf1 Ke6 44. Ke1 Rc2 45. Bd4 g6 46. Rb2 Rc1+ 47. Ke2 Ra1 48. Kd3 Kd6 49. Kc3 Rg1 50. g3 Rh1 51. Ra2 Rxh3 52. Ra6+ Kc7 53. Rxg6 h5 54. Rh6 Kd7 55. c5 Rh2 56. c6+ Kc8 57. Bb6 h4 58. Rh8# 1-0

[Event "Mistrzostwa Polski Juniorek Młodszych "]
[Site "Suwałki, Poland"]
[Date "2025.04.25"]
[Round "2.13"]
[White "Halibozek, Zofia"]
[Black "Gawerska, Karolina"]
[Result "1-0"]
[WhiteElo "1608"]
[BlackElo "1504"]
[PlyCount "63"]
[EventDate "2025.??.??"]

1. e4 c5 2. Nf3 Nc6 3. d4 cxd4 4. Nxd4 g6 5. Nc3 Bg7 6. Be3 d6 7. f3 Nf6 8. Qd2 O-O 9. O-O-O Nxd4 10. Bxd4 Be6 11. Kb1 Qa5 12. g4 Rfc8 13. a3 Rab8 14. h4 b5 15. Nxb5 Qd8 16. Nxa7 Rc7 17. Nb5 Rcb7 18. h5 Bd7 19. a4 Bxb5 20. Bxb5 Qc7 21. hxg6 hxg6 22. Rh2 Ra8 23. Rdh1 e5 24. Bc3 Rba7 25. Rh4 Qc5 26. b3 d5 27. Bxe5 Re7 28. Rh8+ Bxh8 29. Rxh8+ Kxh8 30. Qh6+ Kg8 31. Bxf6 dxe4 32. Qg7# 1-0

[Event "Mistrzostwa Polski Juniorek Młodszych "]
[Site "Suwałki, Poland"]
[Date "2025.04.25"]
[Round "2.7"]
[White "Wawrzyniak, Aleksandra"]
[Black "Milek, Maja"]
[Result "1/2-1/2"]
[WhiteElo "1528"]
[BlackElo "1622"]
[PlyCount "97"]
[EventDate "2025.??.??"]

1. e4 c6 2. d4 d5 3. e5 Bf5 4. Nc3 e6 5. g4 Bg6 6. Nge2 Qb6 7. h4 f6 8. h5 Bf7 9. Na4 Qa5+ 10. Nac3 c5 11. f4 cxd4 12. Nxd4 Bb4 13. Bd2 Nc6 14. Nxc6 bxc6 15. a3 Bxc3 16. Bxc3 Qb6 17. Qd4 Rc8 18. Qxb6 axb6 19. b4 fxe5 20. Bxe5 Nf6 21. h6 Nxg4 22. Bxg7 Rg8 23. Bd3 Ke7 24. Bxh7 Rxg7 25. hxg7 Nf6 26. O-O-O Kd6 27. Rdg1 c5 28. g8=Q Bxg8 29. Bxg8 Nxg8 30. bxc5+ bxc5 31. Rh8 Ne7 32. Rxc8 Nxc8 33. Rg6 Ne7 34. Rg7 c4 35. c3 Nc6 36. a4 Na5 37. Ra7 Nb3+ 38. Kc2 Nc5 39. Ra8 Nd3 40. Rc8 Kd7 41. Rf8 Nc5 42. Ra8 Kc7 43. Ra5 Kb6 44. Rb5+ Kc6 45. Rxc5+ Kxc5 46. Kb2 Kb6 47. Ka2 Ka6 48. Kb2 Kb6 49. Ka2 1/2-1/2

[Event "Mistrzostwa Polski Juniorek Młodszych "]
[Site "Suwałki, Poland"]
[Date "2025.04.25"]
[Round "2.3"]
[White "Babicz, Hanna"]
[Black "Nguyen, Doan Bao Anh Angeli"]
[Result "0-1"]
[WhiteElo "1560"]
[BlackElo "1880"]
[PlyCount "112"]
[EventDate "2025.??.??"]

1. e4 c6 2. d4 d5 3. exd5 cxd5 4. Bd3 Nc6 5. c3 Qc7 6. h3 g6 7. Nf3 Bf5 8. O-O Nf6 9. Re1 Bxd3 10. Qxd3 Bg7 11. Nbd2 O-O 12. Nb3 a6 13. Qe3 Nd7 14. Qg5 e6 15. Bf4 Qd8 16. Qg3 Nf6 17. Bg5 h6 18. Bxf6 Bxf6 19. Nc5 Qe7 20. Qf4 Bg7 21. Qe3 Rac8 22. Qf4 e5 23. Qg4 e4 24. Na4 Qd6 25. Nd2 f5 26. Qd1 Rce8 27. Qb3 b5 28. Nc5 Nd8 29. Qa3 Rf6 30. Nf3 Nf7 31. Rad1 Re7 32. Nd2 f4 33. Qb4 e3 34. Nf3 Ng5 35. Nxg5 hxg5 36. Nxa6 exf2+ 37. Kxf2 Rxe1 38. Rxe1 Qxa6 39. Qb3 Qc6 40. Re5 Rf5 41. Re7 Rf7 42. Re2 Bf8 43. Re5 Rf5 44. Re2 Qd7 45. Re1 Kf7 46. Re2 Bd6 47. Re1 Kg7 48. Rd1 g4 49. h4 f3 50. g3 Qe8 51. Qc2 Bxg3+ 52. Kxg3 Qb8+ 53. Kxg4 Qf4+ 54. Kh3 f2 55. Rf1 Qf3+ 56. Kh2 Rf4 0-1

[Event "Mistrzostwa Polski Juniorek Młodszych "]
[Site "Suwałki, Poland"]
[Date "2025.04.25"]
[Round "2.21"]
[White "Dybowska, Elena"]
[Black "Dabrowska, Eliza"]
[Result "0-1"]
[WhiteElo "1442"]
[BlackElo "1522"]
[PlyCount "128"]
[EventDate "2025.??.??"]

1. c4 Nf6 2. Nc3 e6 3. d4 Bb4 4. Bd2 O-O 5. a3 Bxc3 6. Bxc3 b6 7. Nf3 Bb7 8. e3 d6 9. b4 Ne4 10. Bb2 Nd7 11. Be2 c5 12. O-O f5 13. Nd2 Qg5 14. f4 Qg6 15. d5 exd5 16. Bh5 Qh6 17. Be2 Qe6 18. Qc2 Rfe8 19. Rf3 d4 20. Rh3 Ndf6 21. Bf3 dxe3 22. Nxe4 Bxe4 23. Bxe4 Qxe4 24. Qxe4 Rxe4 25. Re1 Ng4 26. Rg3 Kf7 27. h3 Nf6 28. Rgxe3 Rae8 29. Kf2 Rxf4+ 30. Kg3 Nh5+ 31. Kh2 Rxe3 32. Rxe3 Rxc4 33. Rf3 Rf4 34. Rd3 Ke6 35. bxc5 bxc5 36. Re3+ Re4 37. Rb3 Kf7 38. Rb7+ Re7 39. Rb8 d5 40. Rd8 d4 41. Rc8 Rd7 42. Rxc5 g6 43. Rc4 d3 44. Rc1 d2 45. Rd1 Rd3 46. a4 Nf4 47. Be5 Nd5 48. Bg3 Nc3 49. Ra1 d1=Q 50. Rxd1 Rxd1 51. a5 Ra1 52. Be5 Ra3 53. Bd4 Nb5 54. Bc5 Rxa5 55. Bb4 Ra4 56. Bd2 a5 57. Be3 Ra2 58. Bc5 a4 59. Kg3 a3 60. Bxa3 Rxa3+ 61. Kh4 Kf6 62. g3 Nd6 63. g4 g5+ 64. Kh5 Rxh3# 0-1

[Event "Mistrzostwa Polski Juniorek Młodszych "]
[Site "Suwałki, Poland"]
[Date "2025.04.25"]
[Round "2.5"]
[White "Dudek, Julia"]
[Black "Slusarczyk, Agnieszka"]
[Result "1-0"]
[WhiteElo "1552"]
[BlackElo "1730"]
[PlyCount "123"]
[EventDate "2025.??.??"]

1. e4 e5 2. Nf3 Nc6 3. d4 exd4 4. Nxd4 Bc5 5. Be3 Qf6 6. c3 Nge7 7. Be2 O-O 8. Nxc6 Qxc6 9. Bxc5 Qxc5 10. O-O d5 11. exd5 Nxd5 12. Nd2 Nf4 13. Bf3 c6 14. Ne4 Qe7 15. Re1 Be6 16. Qa4 Nd5 17. Ng3 Nb6 18. Qf4 Rfd8 19. h3 h6 20. b3 a5 21. a4 Qd6 22. Qxd6 Rxd6 23. c4 f5 24. c5 Rd3 25. Rxe6 Nd7 26. Rd6 Ne5 27. Rxd3 Nxd3 28. Be2 Nxc5 29. Bc4+ Kh7 30. Re1 f4 31. Ne4 Nd7 32. Rd1 Ne5 33. Rd6 Rb8 34. Re6 Ng6 35. Bd3 Nf8 36. Re7 Kh8 37. Nd6 b6 38. Re8 Rxe8 39. Nxe8 Ne6 40. Nd6 Nd4 41. Bc4 f3 42. gxf3 Nxf3+ 43. Kg2 Ne5 44. Nc8 Nd7 45. f4 g5 46. fxg5 hxg5 47. Kg3 Kg7 48. Nd6 Nc5 49. Kg4 Kf6 50. Kh5 Nd7 51. Ne4+ Kg7 52. Kxg5 Ne5 53. h4 c5 54. Nd6 Nd7 55. h5 Nf8 56. Nc8 Nd7 57. Bb5 Ne5 58. Nxb6 Kh7 59. Nd7 Nf7+ 60. Kf6 Nd6 61. Nxc5 Nc8 62. Nb7 1-0

[Event "Mistrzostwa Polski Juniorek Młodszych "]
[Site "Suwałki, Poland"]
[Date "2025.04.25"]
[Round "2.20"]
[White "Sokola, Julia"]
[Black "Lesiak, Katarzyna"]
[Result "0-1"]
[WhiteElo "1525"]
[BlackElo "1458"]
[PlyCount "68"]
[EventDate "2025.??.??"]

1. e4 c5 2. Nf3 Nc6 3. d4 cxd4 4. Nxd4 Nf6 5. Nc3 e5 6. Ndb5 d6 7. Nd5 Nxd5 8. exd5 Nb8 9. c4 a6 10. Nc3 Be7 11. Bd3 Nd7 12. Be3 Nf6 13. h3 Bd7 14. O-O O-O 15. b4 Rc8 16. Rc1 Re8 17. Ne4 Nxe4 18. Bxe4 Bg5 19. Qh5 h6 20. Qf3 Bxe3 21. fxe3 Rf8 22. Bd3 Qg5 23. Qe4 f5 24. Qf3 e4 25. Bxe4 fxe4 26. Qxe4 Bxh3 27. Rxf8+ Rxf8 28. c5 dxc5 29. bxc5 Bf5 30. Qc4 Qxe3+ 31. Kh1 Be4 32. d6+ Kh8 33. d7 Qh3+ 34. Kg1 Qxg2# 0-1

[Event "Mistrzostwa Polski Juniorek Młodszych "]
[Site "Suwałki, Poland"]
[Date "2025.04.25"]
[Round "2.8"]
[White "Romanska, Rozalia"]
[Black "Goralik, Zuzanna"]
[Result "0-1"]
[WhiteElo "1401"]
[BlackElo "1615"]
[PlyCount "126"]
[EventDate "2025.??.??"]

1. e4 e6 2. d4 d5 3. Nc3 Nf6 4. Bg5 Be7 5. e5 Nfd7 6. h4 Bxg5 7. hxg5 Qxg5 8. Nh3 Qh4 9. g3 Qe7 10. Qg4 g6 11. O-O-O a6 12. Qf4 Nc6 13. Rd3 h6 14. Rf3 Qf8 15. Qh4 Qe7 16. Ng5 Nxd4 17. Qxd4 Qxg5+ 18. Kb1 Qxe5 19. Qd2 Qg7 20. Rf4 Nb6 21. Rfh4 g5 22. R4h2 Bd7 23. Bd3 O-O-O 24. a3 Bc6 25. Re1 Rhe8 26. Na2 Nc4 27. Bxc4 dxc4 28. Qe2 b5 29. Nb4 Bb7 30. Qe3 Qd4 31. Qxd4 Rxd4 32. Rxh6 Rd2 33. Rf6 Red8 34. Rc1 R8d7 35. Na2 Kd8 36. Nc3 Ke7 37. Rh6 Rxf2 38. Rg1 Rdd2 39. Rc1 Rg2 40. Rh7 Rxg3 41. Rf1 Rf3 42. Rg1 Rff2 43. Rc1 g4 44. Rh8 g3 45. Rb8 Bc6 46. Rg8 g2 47. Rg7 Rf1 48. Na2 Rdd1 49. Rxd1 Rxd1+ 50. Nc1 g1=Q 51. Rxg1 Rxg1 52. c3 Be4+ 53. Ka2 Rxc1 54. b3 cxb3+ 55. Kxb3 f5 56. Kb2 Rb1+ 57. Ka2 f4 58. a4 bxa4 59. c4 f3 60. c5 f2 61. Ka3 f1=Q 62. c6 Qd3+ 63. Ka2 Qb3# 0-1